Statistics for Flags of Countries That Border Brazil

Click here to take the quiz!

General Stats

  • This quiz has been taken 740 times
  • The average score is 9 of 10

Answer Stats

FlagCountry% Correct
Argentina
99%
Uruguay
97%
Colombia
94%
Venezuela
91%
France
91%
Suriname
89%
Peru
89%
Paraguay
88%
Bolivia
83%
Guyana
83%

Score Distribution

Percentile by Number Answered

Percent of People with Each Score

Your Score History

You have not taken this quiz